00645nam a2200193Ia 4500003000400000008004100004040001600045082001800061100002200079245007700101700001700178260004300195300001000238650003500248650004100283942001200324999001700336952009800353GCL140319s9999 xx 000 0 eng d aGCL / cGCL04a537.6223bH T1 aHERMANN, ALLEN M.10aThalliune Based High- Temperature Super Conductors / cHERMANN, ALLEN M.1 aYAKHMI, J.V. a[S.N] : bMARCEL DEKKER, INC ، c1994 a624 P04aHIGH TEMPERATURE SUPER CONDUCT04aTHALLIUM COMPOUNDS ELECTRIC PROGRAME 2ddccBK c14551d14551 00104070aCAIbCAId2014-03-26l0o537.6223\H Tp27282r2014-03-26 00:00:00w2014-03-26yBK